000 00556nam a2200169Ia 4500
008 090201s9999 xx 000 0 und d
010 _aKPL-14892
040 _bमराठी
041 _aमराठी
082 _a35478
_b14892
100 _aभीमराव कुलकर्णी
245 _aसमशेर बहाद्दर
_cभीमराव कुलकर्णी
260 _c2004
_bराजस प्रकाशन
300 _a160
_bमोठा
600 _aसमशेर बहाद्दर
942 _cBOOK
999 _c233561
_d233561